000 00422nam a2200181Ia 4500
005 20250603144747.0
008 250603s9999 xx 000 0 und d
020 _a9781032269955
050 _aRA 645 .C67 .M86/
100 _aBueno Muñoz, Carmen
245 0 _aCrowdsourcing during Covid-19
260 _aNew York
260 _bRoutledge
260 _c2024
300 _a467 p
650 _aNew York
942 _cBK
999 _c39871
_d39871